| 000 | 00356nam a22001337a 4500 | ||
|---|---|---|---|
| 008 | 250428b |||||||| |||| 00| 0 eng d | ||
| 020 | _a0819152838 | ||
| 050 |
_aJX 1706 _b.M87 |
||
| 100 | _aMuskie S. Edmund | ||
| 245 | _aThe President, The congress and foreign policy | ||
| 260 |
_aUSA _bUniversity press of America _c1986 |
||
| 300 | _a311p. | ||
| 942 | _cBK | ||
| 999 |
_c3205 _d3205 |
||